| 000 | 00476nam a2200157 i 4500 | ||
|---|---|---|---|
| 001 | 43262 | ||
| 003 | ES-MaACL | ||
| 005 | 20230906160748.0 | ||
| 007 | t| | ||
| 008 | 030317s1948 sp ||||1| spa d | ||
| 100 | 1 |
_aCatalá Virgili, Joaquín. _937016 |
|
| 245 | 1 | 0 |
_aMotores de reacción... / _cJoaquín Catalá Virgili. |
| 260 |
_aBarcelona : _b[s.n., _c1948] ( _fImp. Altés) |
||
| 300 |
_a277 p., 2 lám. : _b6 gráf., il. ; _c22 cm. |
||
| 852 |
_aES-MaACL _jC-5406 _bR.25727 |
||
| 999 |
_c43262 _d43262 |
||